000 00587nam a22002177a 4500
003 UA-OsUOA
001 38594
007 ta
008 20060517b un ||||| |||| 00| 0 ukr d
100 _aГузенкова Дарина
090 _a81
_bГ11
942 _cSA
040 _aUA-OsUOA
_bukr
_cUA-OsUOA
_dUA-OsUOA
245 _aДо Острога завітав Стус
300 _a3 с.
955 _a0
041 _aukr
080 _a81
773 0 _w38592
650 7 _a8 Мовознавство. Художня література. Літературознавство
_2UDC
999 _c324738
_d324738